<The> reform of the members’ quotas, voting power and governance in the International Monetary Fund

Ciele reformy členských kvót a vládnutia v Medzinárodnom menovom fonde (IMF). Zmeny vzorca kalkulácie členských kvót IMF. Vývoj členských kvót, modernizácia.

Gespeichert in:
Bibliographische Detailangaben
1. Verfasser: Jankovská, Anežka
Weitere Verfasser: Kolenčík, Pavol, Konečná, Martina
Format: Buchkapitel
Sprache:Englisch
Schlagworte:
Tags: Tag hinzufügen
Keine Tags, Fügen Sie das erste Tag hinzu!

MARC

LEADER 00000nla a2200000 4500
001 0160885
005 20240502072807.5
041 0 |a eng 
044 |a SK 
245 1 0 |a <The> reform of the members’ quotas, voting power and governance in the International Monetary Fund  |c Anežka Jankovská, Pavol Kolenčík, Martina Konečná 
520 |a Ciele reformy členských kvót a vládnutia v Medzinárodnom menovom fonde (IMF). Zmeny vzorca kalkulácie členských kvót IMF. Vývoj členských kvót, modernizácia. 
610 2 0 |a Medzinárodný menový fond 
610 2 0 |a kvóty 
610 2 0 |a pracovníci odborní 
100 1 |a Jankovská, Anežka 
700 1 |a Kolenčík, Pavol 
700 1 |a Konečná, Martina